Karakoram kay baraf zaron say (Record no. 188977)

000 -LEADER
fixed length control field 00386 a2200157 4500
003 - CONTROL NUMBER IDENTIFIER
control field Nust
005 - DATE AND TIME OF LATEST TRANSACTION
control field 20170207153553.0
020 ## - INTERNATIONAL STANDARD BOOK NUMBER
International Standard Book Number 9789693524321
040 ## - CATALOGING SOURCE
Transcribing agency Nust
082 ## - DEWEY DECIMAL CLASSIFICATION NUMBER
Classification number 910.4
100 ## - MAIN ENTRY--PERSONAL NAME
Personal name Sherazi, Jawad
245 ## - TITLE STATEMENT
Title Karakoram kay baraf zaron say
Statement of responsibility, etc. Jawad Sherazi,
260 ## - PUBLICATION, DISTRIBUTION, ETC.
Place of publication, distribution, etc. Sang-e-meel
Name of publisher, distributor, etc. Lahore
Date of publication, distribution, etc. 2011
300 ## - PHYSICAL DESCRIPTION
Extent 189 p with pictures
650 ## - SUBJECT ADDED ENTRY--TOPICAL TERM
Topical term or geographic name entry element Urdu Literature - Travelouge
942 ## - ADDED ENTRY ELEMENTS (KOHA)
Source of classification or shelving scheme
Koha item type Book
Holdings
Withdrawn status Lost status Source of classification or shelving scheme Damaged status Not for loan Collection code Permanent Location Current Location Date acquired Total Checkouts Full call number Barcode Date last seen Price effective from Koha item type
            Military College of Signals (MCS) Military College of Signals (MCS) 12/12/2016   910.4 SHE MCS34777 12/08/2016 12/12/2016 Book
© 2023 Central Library, National University of Sciences and Technology. All Rights Reserved.